00943nam a2200205Ia 4500008004100000020001500041041001200056082001600068100001700084245004500101250000800146260002500154300000800179650001400187942000700201999001300208952017200221952017200393952017200565221030s9999 xx 000 0 und d a0070473714 aEnglish a105.23bRog aD. F. Rogers 0aProcedural Elements of Computer Graphics a2nd bTMHaNew Delhic2006 a711 aComputers cBK c892d892 pM 762g299.00l0o105.23 Rogr2024-06-10 00:00:00w2022-10-30yBK003Print4070aMIETLIBbMIETLIBcBL-Academic Block- B, FL-2, CUP-124, SH-3, R-3d2006-08-2210HMCA pM 763g299.00l0o105.23 Rogr2024-06-10 00:00:00w2022-10-30yBK003Print4070aMIETLIBbMIETLIBcBL-Academic Block- B, FL-2, CUP-146, SH-1, R-1d2006-08-2210HMCA pM 764g299.00l0o105.23 Rogr2024-06-10 00:00:00w2022-10-30yBK003Print4070aMIETLIBbMIETLIBcBL-Academic Block- B, FL-2, CUP-146, SH-1, R-1d2006-08-2210HMCA